¡Vuelven los piratas! / (Registro nro. 12019)

Detalles MARC
000 -LIDER
fixed length control field 00561nam a2200193 4500
003 - IDENTIFICACDOR DE NÚMERO DE CONTROL
control field DO-SdBNP
005 - DATE AND TIME OF LATEST TRANSACTION
control field 20180208094855.0
008 - ELEMENTOS DE LONGITUD FIJA
fixed length control field 161122b2000 sp||||| |||| 00| 0 spa d
020 ## - ISBN
International Standard Book Number 8420444812
040 ## - FUENTE DE CATALOGACIÓN
Agencia que crea de manera original el registro BPMSU
Idioma de catalogación spa
Agencia que realiza la transcripción BPMSU
100 ## - ASIENTO PRINCIPAL -- NOMBRE PERSONAL
Nombre personal Tabern, Peter
245 ## - MENCIÓN DE TITULO
Título ¡Vuelven los piratas! /
Mención de responsabilidad Peter Tabern ; traducción de Herminia Bevia
260 ## - PUBLICACIÓN, DISTRIBUCIÓN, ETC. (PIE DE IMPRENTA)
Lugar de publicación, distribución, etc Madrid :
Nombre del editor, distribuidor, etc. Alfaguara ,
Fecha de publicación, distribución, etc 2000
300 ## - DESCRIPCIÓN FÍSICA
Extensión 167 p. :
Otros detalles físicos il. :
Dimensiones 22 cm
700 ## - ASIENTO SECUNDARIO -- NOMBRE PERSONAL
Nombre personal Traducción de Bevia, Herminia
942 ## - ADDED ENTRY ELEMENTS (KOHA)
Source of classification or shelving scheme Dewey Decimal Classification
Koha item type Libros
945 ## - INFORMACIÓN DE PROCESAMIENTO LOCAL
Información de procesamiento local inventariado, 2018 / dg
956 ## - LOCAL ELECTRONIC LOCATION AND ACCESS (OCLC)
Nombre de host dgarcia
Existencias
Withdrawn status Lost status Source of classification or shelving scheme Damaged status Not for loan Collection code Home library Current library Date acquired Source of acquisition Total Checkouts Barcode Date last seen Price effective from Koha item type Copy number
    Dewey Decimal Classification     Colección Infantil General Biblioteca Pública Metropolitana Salomé Ureña Biblioteca Pública Metropolitana Salomé Ureña 11/22/2016 Donado   BPMSU16111451 11/22/2016 11/22/2016 Libros  
    Dewey Decimal Classification     Colección Infantil General Biblioteca Pública Metropolitana Salomé Ureña Biblioteca Pública Metropolitana Salomé Ureña 11/22/2016 Donado   BPMSU16111452 11/22/2016 11/22/2016 Libros e.2
    Dewey Decimal Classification     Colección Infantil General Biblioteca Pública Metropolitana Salomé Ureña Biblioteca Pública Metropolitana Salomé Ureña 11/22/2016 Donado   BPMSU16111453 11/22/2016 11/22/2016 Libros e.3